| 000 | 00822nas a2200277 4500 | ||
|---|---|---|---|
| 001 | BR8402973 | ||
| 003 | BR-BrBNA | ||
| 005 | 20231205085931.0 | ||
| 007 | ta | ||
| 008 | 230509b bl.|||p| |||| 00| 00por d | ||
| 040 |
_aBR-BrBNA _bpor _cBiblioteca Nacional de Agricultura |
||
| 041 | _a(Pt) | ||
| 072 | _aL73 | ||
| 100 | 1 | _aAraujo, L. | |
| 100 | 1 | _aSilva, R.F. | |
| 100 | 1 | _aSantos, J. | |
| 100 | 1 | _aBon accorsi, R. | |
| 100 | 1 | _aBittencourt, N. | |
| 100 | 1 | _aGomes, T. | |
| 245 | 1 | _aAtente para este estudo do surto de laringotraqueite [ave, doenca animal, Brasil] | |
| 650 | _aLARINGOTRAQUEITE INFECCIOSA | ||
| 650 | _aGALINHA | ||
| 773 | 0 |
_tAvicultura Industrial (Brazil) _xISSN 0101-2258 _g(Jan 1984), v. 74(889) p. 24-28 _wBR8402973 |
|
| 909 |
_a202311 _bLúcia _c55 _dLúcia Elande |
||
| 942 |
_2AGRIS _n0 _cANA |
||
| 999 |
_c114913 _d114913 |
||